[Event "Hull 4NCL op-C"]
[Site "Hull"]
[Date "2023.09.10"]
[Round "5"]
[White "Weldon, James"]
[Black "Buckell, David J"]
[Result "0-1"]
[WhiteElo "1469"]
[BlackElo "1648"]
[PlyCount "68"]
[EventDate "2023.09.08"]
[EventType "swiss"]
[EventRounds "5"]
[EventCountry "ENG"]
[SourceTitle "EXT 2024"]
[Source "ChessBase"]
[SourceDate "2023.10.10"]
[SourceVersion "1"]
[SourceVersionDate "2023.10.10"]
[SourceQuality "1"]

1. e4 d6 2. Nc3 Nf6 3. d3 g6 4. Be2 Bg7 5. h4 h5 6. Bf4 c5 7. e5 dxe5 8. Bxe5 Nc6 9. Bf4 Nd4 10. Be5 0-0 11. Nf3 Nxe2 12. Qxe2 a6 13. Qe3 b6 14. Bf4 Bb7 15. Bh6 Ng4 16. Qe2 Nxh6 17. 0-0 e6 18. Rad1 Qc7 19. d4 cxd4 20. Ne4 e5 21. Nfg5 Qc6 22. f3 Nf5 23. Rc1 Nxh4 24. c3 Qd7 25. Rfd1 Qe7 26. c4 f5 27. Qf2 fxe4 28. Qxh4 Bf6 29. Rc2 Bxg5 30. Qg3 exf3 31. Rf1 Be3+ 32. Rcf2 Kh7 33. Re1 e4 34. Rxe3 dxe3 0-1

[Event "Hull 4NCL op-C"]
[Site "Hull"]
[Date "2023.09.09"]
[Round "3"]
[White "Black, Ewan"]
[Black "Buckell, David J"]
[Result "1-0"]
[WhiteElo "1528"]
[BlackElo "1648"]
[PlyCount "61"]
[EventDate "2023.09.08"]
[EventType "swiss"]
[EventRounds "5"]
[EventCountry "ENG"]
[SourceTitle "EXT 2024"]
[Source "ChessBase"]
[SourceDate "2023.10.10"]
[SourceVersion "1"]
[SourceVersionDate "2023.10.10"]
[SourceQuality "1"]

1. d4 d6 2. c4 Nf6 3. Nc3 g6 4. e4 Bg7 5. Nf3 0-0 6. Be2 e5 7. 0-0 Nbd7 8. Be3 Ng4 9. Qd2 Nxe3 10. Qxe3 c6 11. d5 cxd5 12. Nxd5 Nf6 13. Nd2 Nxd5 14. cxd5 f5 15. f3 Bd7 16. Nc4 Be8 17. Rac1 f4 18. Qb3 b5 19. Na3 a6 20. Rc2 Rc8 21. Rfc1 Rxc2 22. Nxc2 Qb6+ 23. Kf1 Qa5 24. Na3 b4 25. Nc4 Qd8 26. a3 bxa3 27. Qxa3 Rf7 28. Nxd6 Rc7 29. Rxc7 Qxc7 30. Nxe8 Qb6 31. Nxg7 1-0

[Event "Harrogate 4NCL op-C 29th"]
[Site "Harrogate"]
[Date "2023.01.21"]
[Round "3"]
[White "Buckell, David J"]
[Black "Brown, Christian K"]
[Result "1-0"]
[WhiteElo "1594"]
[BlackElo "1454"]
[PlyCount "61"]
[EventDate "2023.01.20"]
[EventType "swiss"]
[EventRounds "5"]
[EventCountry "ENG"]
[SourceTitle "CBM 212 Extra"]
[Source "ChessBase"]
[SourceDate "2023.03.31"]
[SourceVersion "1"]
[SourceVersionDate "2023.03.31"]
[SourceQuality "1"]

1. c4 Nf6 2. Nc3 e6 3. g3 d5 4. d4 Be7 5. Nf3 0-0 6. Bg2 Nbd7 7. cxd5 exd5 8. 0-0 c6 9. b3 Re8 10. Bb2 Nb6 11. e3 h6 12. Qc2 Be6 13. Ne5 Ng4 14. Ne2 Rc8 15. Nf4 Nxe5 16. Nxe6 fxe6 17. dxe5 c5 18. Qg6 Rc6 19. Rad1 Bf8 20. Be4 Qd7 21. Qh7+ Kf7 22. Bg6+ Ke7 23. Bxe8 Qxe8 24. f4 c4 25. Ba3+ Kd8 26. Bxf8 Qxf8 27. b4 c3 28. a3 Nc4 29. Rfe1 Nd2 30. Kg2 Ne4 31. Qxe4 1-0

[Event "Harrogate 4NCL op-C 29th"]
[Site "Harrogate"]
[Date "2023.01.20"]
[Round "1"]
[White "Buckell, David J"]
[Black "Walker, Heather Enid"]
[Result "1-0"]
[WhiteElo "1594"]
[BlackElo "1234"]
[PlyCount "101"]
[EventDate "2023.01.20"]
[EventType "swiss"]
[EventRounds "5"]
[EventCountry "ENG"]
[SourceTitle "CBM 212 Extra"]
[Source "ChessBase"]
[SourceDate "2023.03.31"]
[SourceVersion "1"]
[SourceVersionDate "2023.03.31"]
[SourceQuality "1"]

1. c4 Nf6 2. Nf3 Nc6 3. d4 b6 4. Nc3 Bb7 5. d5 Nb8 6. e4 d6 7. Be2 Nbd7 8. 0-0 g6 9. Bf4 Bg7 10. Re1 Nc5 11. Bf1 e5 12. Bg5 h6 13. Bh4 Qd7 14. Qc2 c6 15. Rad1 a5 16. dxc6 Bxc6 17. Nxe5 dxe5 18. Rxd7 Nfxd7 19. f3 0-0 20. Nd5 g5 21. Bf2 Bb7 22. Ne7+ Kh7 23. Rd1 Rae8 24. Nf5 Bf6 25. Nd6 Rb8 26. Nxb7 Rxb7 27. g3 Kg7 28. Bh3 Rd8 29. b3 Be7 30. Be1 f6 31. Bc3 Rbb8 32. a3 Nf8 33. Rd5 Rd6 34. b4 Nce6 35. bxa5 Nc7 36. Rxd6 Bxd6 37. axb6 Bc5+ 38. Kf1 Rxb6 39. a4 Nfe6 40. a5 Rc6 41. Bxe6 Rxe6 42. Qb3 Na6 43. Ke2 Kg6 44. Qb5 Rd6 45. g4 h5 46. Qe8+ Kh6 47. Qh8+ Kg6 48. gxh5+ Kf7 49. h6 Ke7 50. h7 Rd8 51. Qxd8+ 1-0

[Event "Harrogate 4NCL op-C 27th"]
[Site "Harrogate"]
[Date "2022.01.21"]
[Round "1"]
[White "Cockerill, Martin"]
[Black "Buckell, David J"]
[Result "0-1"]
[WhiteElo "1412"]
[BlackElo "1626"]
[PlyCount "64"]
[EventDate "2022.01.21"]
[EventType "swiss"]
[EventRounds "5"]
[EventCountry "ENG"]
[SourceTitle "CBM 206 Extra"]
[Source "ChessBase"]
[SourceDate "2022.03.31"]
[SourceVersion "1"]
[SourceVersionDate "2022.03.31"]
[SourceQuality "1"]

1. d4 d6 2. c4 Nf6 3. Nc3 g6 4. Nf3 Bg7 5. e3 Nbd7 6. Be2 e5 7. Qc2 c6 8. 0-0 0-0 9. a4 Qc7 10. Ne4 Re8 11. Ng3 Nf8 12. b3 a5 13. Bb2 Bd7 14. Rfe1 exd4 15. Bxd4 Ne6 16. Bb2 Nc5 17. Nd4 Ne6 18. Rad1 Rac8 19. Nf3 Rcd8 20. Rd2 Bc8 21. Red1 Nc5 22. Qc3 Nh5 23. Qc2 Nxg3 24. Bxg7 Nxe2+ 25. Rxe2 Kxg7 26. Qb2+ Kg8 27. Rd4 Qe7 28. Rh4 Ne4 29. Qd4 d5 30. cxd5 Rxd5 31. Qa1 Qf6 32. Qb1 Nc3 0-1